| 000 | 01090nam a22003377a 4500 | ||
|---|---|---|---|
| 001 | BR0301216 | ||
| 003 | BR-BrBNA | ||
| 005 | 20230928101242.0 | ||
| 007 | ta | ||
| 008 | 230509b bl.||||| |||| 00| 0 por d | ||
| 040 |
_aBR-BrBNA _bpor _cBiblioteca Nacional de Agricultura |
||
| 041 | _a(Por) | ||
| 072 | _aE11; U40 | ||
| 090 | _ E11 BR0301216 | ||
| 100 | 1 | _aLobo, G.A. da S. | |
| 110 | 1 |
_aFundação Universidade de Brasília, DF (Brasil). Faculdade de Agronomia e Medicina Veterinária _0Tese (Mestre em Ciências Agrárias) _95048 |
|
| 245 | 1 | _aAplicação de geotecnologias no planejamento de uso de áreas rurais | |
| 260 | 3 |
_aBrasília, DF (Brasil): _c2002. |
|
| 300 | _a144 p. | ||
| 500 | _aSummaries (Eng, Por), Several bibliography; 37 illus.; 17 tables | ||
| 650 | _aSOLO | ||
| 650 | _aMICROBACIA | ||
| 650 | _aUSO DA TERRA | ||
| 650 | _aSENSORIAMENTO REMOTO | ||
| 650 | _aDESENVOLVIMENTO SUSTÉNTAVEL | ||
| 650 | _aAPTIDÃO AGRÍCOLA | ||
| 650 | _aDISTRITO FEDERAL | ||
| 650 | _aPLANEJAMENTO RURAL | ||
| 909 |
_a202309 _bLucia _c55 _dLucia Elande |
||
| 942 | _cBK | ||
| 999 |
_c64931 _d64931 |
||